<The> Effect of Biodiesel Policies on World Biodiesel and Oilseed Prices

Teoretický a empirický model s cieľom analyzovať vplyv mandátu na výrobu bionafty, oslobodenia od dane (daňový úver) a exogénneho cenového šoku na svetových trhoch so sójou a kanolovým olejom.

Salvato in:
Dettagli Bibliografici
Autore principale: Drábik, Dušan
Altri autori: Gorter, Harry de, Govinda, R. Timilsina
Natura: Capitolo di libro
Lingua:inglese
Soggetti:
Tags: Aggiungi Tag
Nessun Tag, puoi essere il primo ad aggiungerne!!

MARC

LEADER 00000nla a2200000 4500
001 0242493
005 20240416111024.4
041 0 |a eng 
044 |a NL 
245 1 0 |a <The> Effect of Biodiesel Policies on World Biodiesel and Oilseed Prices  |c Dušan Drábik, Harry de Gorter, R. Timilsina Govinda 
520 |a Teoretický a empirický model s cieľom analyzovať vplyv mandátu na výrobu bionafty, oslobodenia od dane (daňový úver) a exogénneho cenového šoku na svetových trhoch so sójou a kanolovým olejom. 
610 2 0 |a biopalivá 
610 2 0 |a nafta 
610 2 0 |a legislatíva 
610 2 0 |a politika 
610 2 0 |a politika cenová 
610 2 0 |a dane 
610 2 0 |a ceny 
610 2 0 |a oleje rastlinné 
610 2 0 |a sója 
610 2 0 |a analýza empirická 
610 2 0 |a modely 
100 1 |a Drábik, Dušan 
700 1 |a Gorter, Harry de 
700 1 |a Govinda, R. Timilsina